<?xml version="1.0" encoding="UTF-8"?><?xml-stylesheet type="text/xsl" href="static/style.xsl"?><OAI-PMH xmlns="http://www.openarchives.org/OAI/2.0/" xmlns:xsi="http://www.w3.org/2001/XMLSchema-instance" xsi:schemaLocation="http://www.openarchives.org/OAI/2.0/ http://www.openarchives.org/OAI/2.0/OAI-PMH.xsd"><responseDate>2026-04-18T04:28:36Z</responseDate><request verb="GetRecord" identifier="oai:www.recercat.cat:2072/423520" metadataPrefix="marc">https://recercat.cat/oai/request</request><GetRecord><record><header><identifier>oai:recercat.cat:2072/423520</identifier><datestamp>2024-10-29T15:30:28Z</datestamp><setSpec>com_2072_98</setSpec><setSpec>col_2072_378197</setSpec></header><metadata><record xmlns="http://www.loc.gov/MARC21/slim" xmlns:dcterms="http://purl.org/dc/terms/" xmlns:xsi="http://www.w3.org/2001/XMLSchema-instance" xmlns:doc="http://www.lyncode.com/xoai" xsi:schemaLocation="http://www.loc.gov/MARC21/slim http://www.loc.gov/standards/marcxml/schema/MARC21slim.xsd">
   <leader>00925njm 22002777a 4500</leader>
   <datafield ind2=" " ind1=" " tag="042">
      <subfield code="a">dc</subfield>
   </datafield>
   <datafield ind2=" " ind1=" " tag="720">
      <subfield code="a">Permanyer, Iñaki</subfield>
      <subfield code="e">author</subfield>
   </datafield>
   <datafield ind2=" " ind1=" " tag="720">
      <subfield code="a">Universitat Autònoma de Barcelona. Unitat de Fonaments de l'Anàlisi Econòmica</subfield>
      <subfield code="e">author</subfield>
   </datafield>
   <datafield ind2=" " ind1=" " tag="720">
      <subfield code="a">Institut d'Anàlisi Econòmica</subfield>
      <subfield code="e">author</subfield>
   </datafield>
   <datafield ind2=" " ind1=" " tag="260">
      <subfield code="c">2008</subfield>
   </datafield>
   <datafield ind2=" " ind1=" " tag="520">
      <subfield code="a">Polarization indices presented up to now have only focused their attention on the distribution of income/wealth. However, in many circumstances income is not the only relevant dimension that might be the cause of social conflict, so it is very important to have a social polarization index able to cope with alternative dimensions. In this paper we present an axiomatic characterization of one of such indices: it has been obtained as an extension of the (income) polarization measure introduced in Duclos, Esteban and Ray (2004) to a wider domain. It turns out that the axiomatic structure introduced in that paper alone is not appropriate to obtain a fully satisfactory characterization of our measure, so additional axioms are proposed. As a byproduct, we present an alternative axiomatization of the aforementioned income polarization measure.</subfield>
   </datafield>
   <datafield tag="653" ind2=" " ind1=" ">
      <subfield code="a">Polarització (Ciències socials)</subfield>
   </datafield>
   <datafield ind2="0" ind1="0" tag="245">
      <subfield code="a">The Measurement of social polarization in a multi-group context</subfield>
   </datafield>
</record></metadata></record></GetRecord></OAI-PMH>